00725nam a22002297a 450000500170000000800410001702000180005804000180007608200210009410000220011524500940013725000130023126000440024430000280028865000370031665000340035365000220038765000160040970000230042570000220044870000250047020230223144211.0230221b ||||| |||| 00| 0 eng d a9789353066475 cAIMIT LIBRARY 212a658.56bKRAL aKrajewski, Lee J. aOperations Management : bprocesses and supply chains /cBy Lee J. Krajewski ...[et.al.]. a12th ed. aNew Delhi :bPearson Education ,c2022. axxv,734 p.;bPBc26 cm. 2Using operations to create value aProcess strategy and analysis aCapacity planning aForecasting aMalhotra, Manoj K. aRitzman, Larry P. aSrivastava, Samir K.